Bālasāhityācī rūparekhā. (Record no. 59460)

MARC details
000 -LEADER
fixed length control field 00689cam a22002411 4500
001 - CONTROL NUMBER
control field sa 64005998
003 - CONTROL NUMBER IDENTIFIER
control field DLC
005 - DATE AND TIME OF LATEST TRANSACTION
control field 20260227112036.0
008 - FIXED-LENGTH DATA ELEMENTS--GENERAL INFORMATION
fixed length control field 890725s1964 ii a b 000 0 maro
010 ## - LIBRARY OF CONGRESS CONTROL NUMBER
LC control number sa 64005998
035 ## - SYSTEM CONTROL NUMBER
System control number (OCoLC)20069541
040 ## - CATALOGING SOURCE
Original cataloging agency DLC
Transcribing agency WaU
Modifying agency DLC
043 ## - GEOGRAPHIC AREA CODE
Geographic area code a-ii---
050 00 - LIBRARY OF CONGRESS CALL NUMBER
Classification number PN1009.M3
Item number D36
100 1# - MAIN ENTRY--PERSONAL NAME
Personal name Dandekar, Malatibai Madhavrao,
Dates associated with a name 1913-
245 10 - TITLE STATEMENT
Title Bālasāhityācī rūparekhā.
260 ## - PUBLICATION, DISTRIBUTION, ETC.
Date of publication, distribution, etc. [1964]
300 ## - PHYSICAL DESCRIPTION
Extent 18, 276 p.
Other physical details illus.
Dimensions 23 cm.
500 ## - GENERAL NOTE
General note In Marathi.
504 ## - BIBLIOGRAPHY, ETC. NOTE
Bibliography, etc. note Bibliography: p. 6 (1st group)
650 #0 - SUBJECT ADDED ENTRY--TOPICAL TERM
Topical term or geographic name entry element Children's literature, Marathi
General subdivision History and criticism.
650 #0 - SUBJECT ADDED ENTRY--TOPICAL TERM
Topical term or geographic name entry element Children
General subdivision Books and reading
Geographic subdivision India.

No items available.

Powered by Koha